Score 0/20 Timer 05:00
0 Plays Today
% Correct
Beauty and the Beast
97.7%
Mary Poppins
94.2%
Singin' in the Rain
92.8%
Toy Story 3
92.2%
Dirty Dancing
91.8%
Chicago
80.2%
Back to the Future
79%
Saturday Night Fever
77.9%
Footloose
77.1%
Flashdance
75.2%
% Correct
Pulp Fiction
72.9%
Titanic
71.8%
Napoleon Dynamite
68.7%
Risky Business
66.3%
Step Up
57.2%
Pride and Prejudice
52.4%
Gone With the Wind
41.1%
Gentlemen Prefer Blondes
38.6%
The Sound of Music
29.3%
West Side Story
25.2%
Remove Ads.
Support Sporcle.
Get the best of Sporcle when you Go Orange. This ad-free experience offers more features, more stats, and more fun while also helping to support Sporcle. Thank you for becoming a member.

You're not logged in!

Compare scores with friends on all Sporcle quizzes.
OR
Log In

Show Comments

Extras

Top Quizzes Today


Score Distribution

Your Account Isn't Verified!

In order to create a playlist on Sporcle, you need to verify the email address you used during registration. Go to your Sporcle Settings to finish the process.

Report this User

Report this user for behavior that violates our Community Guidelines.

Details: